000
00308nam a22001337a 4500
008
171025b xxu||||| |||| 00| 0 eng d
020
_a
0134543718
041
_a
eng
080
_2
3RD
_a
336.2
100
_a
55
101
_a
TAK
245
_a
THE INCOMETAX AND BUSINESS DECISIONS
_c
RABY,W.L
942
_2
udc
_c
BK
999
_c
35919
_d
35919